[Event "Voronezh Region Chess Club Championship 2011"]
[Site "Voronezh (Russia)"]
[Date "2011.11.27"]
[Round "6.10"]
[White "Kozlov, Sergej A."]
[Black "Artemov, Nikita"]
[Result "0-1"]
[WhiteElo "1741"]
[BlackElo "1968"]
[Annotator ""]
[Source ""]
[Remark ""]

1.d4 f5 2.Nc3 Nf6 3.Bg5 Ne4 4.Nxe4 fxe4 5.e3 c6 6.Qd2 d5 7.c4
Qb6 8.Rc1 e5 9.c5 Qc7 10.Ne2 Be7 11.Bxe7 Qxe7 12.Ng3 O-O 13.Be2
Nd7 14.O-O Nf6 15.b4 Bg4 16.Bxg4 Nxg4 17.h3 Nh6 18.a4 Rf6 19.b5
Raf8 20.bxc6 bxc6 21.Rb1 Nf7 22.Qb4 exd4 23.exd4 e3 24.fxe3 Qxe3+
25.Kh2 Ng5 26.Rb3 Qe6 27.Re1 Qf7 28.Qb7 Qg6 29.Re2 R6f7 30.Qa6
h5 31.Rb7 Nf3+ 32.gxf3 Rxf3 33.Rg2 Rxg3 34.Qe2 h4 35.Rxa7 Re8
36.Qf2 Ree3 37.Kg1 Qb1+ 38.Qf1 Re1 39.Ra8+ Kh7 40.Rf8 Rxf1+ 41.Rxf1
Qb2 42.Rff2 Qxd4 43.Kh2 Qe3 0-1

[Event "Voronezh Region Chess Club Championship 2011"]
[Site "Voronezh (Russia)"]
[Date "2011.11.27"]
[Round "6.13"]
[White "Poluektova, Anastasia"]
[Black "Avtsynov, Artyom"]
[Result "0-1"]
[WhiteElo "1598"]
[BlackElo "2011"]
[Annotator ""]
[Source ""]
[Remark ""]

1.e4 d6 2.Nf3 g6 3.g3 Bg7 4.Bg2 Nf6 5.Qe2 O-O 6.O-O c5 7.d3 Nc6
8.Nbd2 Nd4 9.Nxd4 cxd4 10.a4 e5 11.Nc4 Qc7 12.f4 Bg4 13.Qf2 Bd7
14.h3 Bc6 15.g4 Bxe4 16.Nxd6 Bxg2 17.Nb5 Qc5 18.Qxg2 Nd5 19.fxe5
Bxe5 20.b3 Ne3 21.Bxe3 dxe3 22.Qe2 Bxa1 23.Rxa1 a6 24.Na3 f5
25.gxf5 Rxf5 26.Nc4 Rg5+ 27.Kh2 Qc7+ 28.Kh1 Qg3 29.Qh2 Qf3+ 0-1

[Event "Voronezh Region Chess Club Championship 2011"]
[Site "Voronezh (Russia)"]
[Date "2011.11.26"]
[Round "6.16"]
[White "Zhileykin, Andrey"]
[Black "Kuzmin, Vitaly"]
[Result "1/2-1/2"]
[WhiteElo "1845"]
[BlackElo "2007"]
[Annotator ""]
[Source ""]
[Remark ""]

1.d4 d5 2.c4 c6 3.Nc3 Nf6 4.Nf3 Bf5 5.Qb3 Qb6 6.Qxb6 axb6 7.cxd5
Nxd5 8.Nxd5 cxd5 9.e3 Nc6 10.Bb5 Bd7 11.Bd2 e6 12.O-O Be7 13.Rfc1
O-O 14.Bxc6 Bxc6 15.h3 Bd6 16.a3 Rfc8 1/2-1/2

[Event "Voronezh Region Chess Club Championship 2011"]
[Site "Voronezh (Russia)"]
[Date "2011.11.27"]
[Round "6.18"]
[White "Korotchenkov, Victor"]
[Black "Belov, Yury"]
[Result "0-1"]
[WhiteElo "1636"]
[BlackElo "1746"]
[Annotator ""]
[Source ""]
[Remark ""]

1.e4 d6 2.d4 h6 3.Bc4 e6 4.Nc3 Nd7 5.Be3 c6 6.Nf3 Be7 7.O-O g5
8.Qd2 a6 9.h3 Qc7 10.Rae1 d5 11.Bb3 Bb4 12.exd5 Ndf6 13.dxe6
Bxe6 14.a3 Ba5 15.Bxe6 fxe6 16.b4 Bb6 17.Na4 Ba7 18.c4 g4 19.Ne5
gxh3 20.g3 Qg7 21.c5 Ne7 22.Nc4 Nfd5 23.Qd3 Qf6 24.Bd2 Nc7 25.Nd6+
Kd8 26.Bf4 Ncd5 27.Nb2 Nxf4 28.gxf4 Qg7+ 29.Kh1 Qg2# 0-1

[Event "Voronezh Region Chess Club Championship 2011"]
[Site "Voronezh (Russia)"]
[Date "2011.11.29"]
[Round "7.4"]
[White "Serdjukov, Sergey"]
[Black "Manelis, Vladimir"]
[Result "0-1"]
[WhiteElo "2233"]
[BlackElo "2283"]
[Annotator ""]
[Source ""]
[Remark ""]

1.d4 d5 2.c4 e6 3.Nf3 Nf6 4.Nc3 Be7 5.g3 O-O 6.Bg2 dxc4 7.Ne5
Nc6 8.Nxc6 bxc6 9.Bxc6 Rb8 10.Bg2 c5 11.d5 exd5 12.Nxd5 Nxd5
13.Qxd5 Qa5+ 14.Bd2 Qb6 15.Qxc4 Be6 16.Qc1 Qxb2 17.O-O Bf6 18.Qxb2
Rxb2 19.Be3 Rxe2 20.Bxc5 Bxa1 21.Bxf8 Kxf8 22.Rxa1 Rxa2 23.Re1
a5 24.Bc6 a4 25.g4 g5 26.h3 a3 27.Be4 Rb2 28.Kg2 h6 29.Kg3 a2
30.h4 Rb3+ 31.f3 Ra3 32.Ra1 Ke7 33.hxg5 hxg5 34.Kf2 Kd6 35.Ke2
Ke5 36.Kd2 Bxg4 37.Bg6 Be6 38.Be4 g4 39.Ke2 g3 40.Bd3 Kf4 41.Be4
Bc4+ 42.Kd2 g2 0-1

[Event "Voronezh Region Chess Club Championship 2011"]
[Site "Voronezh (Russia)"]
[Date "2011.11.29"]
[Round "7.7"]
[White "Artemov, Nikita"]
[Black "Popov, Kirill"]
[Result "1-0"]
[WhiteElo "1968"]
[BlackElo "1895"]
[Annotator ""]
[Source ""]
[Remark ""]

1.e4 c5 2.Nf3 e6 3.d4 cxd4 4.Nxd4 a6 5.Nc3 Qc7 6.a3 Nf6 7.Be3
Nc6 8.f4 Nxd4 9.Bxd4 Qxf4 10.g3 Qc7 11.e5 Nd5 12.Ne4 d6 13.exd6
Bxd6 14.c4 Be5 15.cxd5 exd5 16.Nc3 O-O 17.Bg2 Bxd4 18.Qxd4 Re8+
19.Kf2 Be6 20.Rhe1 Rec8 21.Kg1 Qa5 22.b4 Qd8 23.Nxd5 Rc7 24.Rad1
Rc2 25.Nf4 Qc8 26.Bxb7 1-0

[Event "Voronezh Region Chess Club Championship 2011"]
[Site "Voronezh (Russia)"]
[Date "2011.11.29"]
[Round "7.9"]
[White "Lazarev, Alexandr"]
[Black "Sokolovsky, Victor"]
[Result "0-1"]
[WhiteElo "2007"]
[BlackElo "2037"]
[Annotator ""]
[Source ""]
[Remark ""]

1.e4 e5 2.Nf3 Nc6 3.Bb5 f5 4.exf5 Nf6 5.Bxc6 dxc6 6.Nxe5 Bd6
7.Nf3 O-O 8.O-O Bxf5 9.d3 Bg4 10.Bg5 Qe8 11.Nbd2 Qh5 12.h4 h6
13.Bxf6 Rxf6 14.Ne4 Rxf3 15.gxf3 Bxf3 0-1

[Event "Voronezh Region Chess Club Championship 2011"]
[Site "Voronezh (Russia)"]
[Date "2011.11.29"]
[Round "7.14"]
[White "Kuzmin, Vitaly"]
[Black "Kozlov, Sergej A."]
[Result "0-1"]
[WhiteElo "1832"]
[BlackElo "1741"]
[Annotator ""]
[Source ""]
[Remark ""]

1.d4 d5 2.Nf3 Nf6 3.Bf4 c5 4.c3 Nc6 5.e3 Qb6 6.Qb3 c4 7.Qxb6
axb6 8.Nbd2 Bf5 9.Nh4 Be4 10.Nxe4 Nxe4 11.Nf3 e6 12.Nd2 Nd6 13.Bxd6
Bxd6 14.Be2 b5 15.O-O b4 16.cxb4 Bxb4 17.Nf3 Kd7 18.a3 Be7 19.Ne5+
Nxe5 20.dxe5 b5 21.Rfb1 Ra7 22.Kf1 Rha8 23.b3 Kc6 24.a4 Kc7 25.Ke1
Bb4+ 26.Kd1 Bc3 27.Ra2 Bxe5 28.bxc4 bxc4 29.f4 Bf6 30.g4 Rxa4
31.Rxa4 Rxa4 32.g5 Be7 33.Kc2 Ra2+ 34.Rb2 Rxb2+ 35.Kxb2 Bc5 36.e4
dxe4 37.Bxc4 g6 38.Kc3 Be3 39.h3 Bxf4 40.Kd4 e3 41.h4 Kd6 42.Ke4
Kc5 43.Be2 e5 44.Bd3 Kb4 0-1